កំនែលំហាត់ សមីការ-វិសមីការ​​/ (Record no. 6679)

MARC details
000 -LEADER
fixed length control field 01345nam a22002297a 4500
001 - CONTROL NUMBER
control field 6679
003 - CONTROL NUMBER IDENTIFIER
control field FISKH
005 - DATE AND TIME OF LATEST TRANSACTION
control field 20250520124751.0
008 - FIXED-LENGTH DATA ELEMENTS--GENERAL INFORMATION
fixed length control field 250520b cb ||||| |||| 00| 0 eng d
040 ## - CATALOGING SOURCE
Original cataloging agency FISKH
Language of cataloging khr
Transcribing agency FISKH
Modifying agency FISKH
082 ## - DEWEY DECIMAL CLASSIFICATION NUMBER
Classification number 510
100 ## - MAIN ENTRY--PERSONAL NAME
Personal name Borith, Tong
245 ## - TITLE STATEMENT
Title កំនែលំហាត់ សមីការ-វិសមីការ​​/
Statement of responsibility, etc. អ្នករៀបរៀង តុង បូរិទ្ធ
260 ## - PUBLICATION, DISTRIBUTION, ETC.
Place of publication, distribution, etc. ភ្នំពេញ :
Name of publisher, distributor, etc. ពៅឡាំងគ្រុយ ,
Date of publication, distribution, etc. ២០០០ .
300 ## - PHYSICAL DESCRIPTION
Extent 143 pages :
Other physical details illustrations ;
Dimensions 21 cm .
520 ## - SUMMARY, ETC.
Summary, etc. សៀវភៅនេះជាជំនួយពិសេសសំរាប់សិស្សានុសិស្សដែលមានបំនងចង់ក្លាយខ្លួនជាសិស្សពូកែផ្នែកមុខវិជ្ជាគណិតវិទ្យា និងប្រលងចូលមហាវិទ្យាល័យនានា។​
520 ## - SUMMARY, ETC.
Summary, etc. This book is a special resource for students who aspire to become outstanding performers in mathematics and who are preparing for entrance exams to various universities."
650 ## - SUBJECT ADDED ENTRY--TOPICAL TERM
Topical term or geographic name entry element សមីការ-វិសមីការ
Form subdivision គណិតវិទ្យា
650 ## - SUBJECT ADDED ENTRY--TOPICAL TERM
Topical term or geographic name entry element Samika-Visamika
Form subdivision Mathematics
942 ## - ADDED ENTRY ELEMENTS (KOHA)
Source of classification or shelving scheme Dewey Decimal Classification
Koha item type Books
Suppress in OPAC No
Holdings
Withdrawn status Lost status Source of classification or shelving scheme Damaged status Not for loan Collection Home library Current library Shelving location Date acquired Total Checkouts Full call number Barcode Date last seen Price effective from Koha item type
    Dewey Decimal Classification     Khmer Language Books / សៀវភៅភាសាខ្មែរ Footprints International School Library Network Toul Tom Poung Campus Footprints International School Library Network Toul Tom Poung Campus TTP Secondary Khmer Bookshelves 05/20/2025   BOR 510 2025-1339 05/20/2025 05/20/2025 Books